Normal view
MARC view
- S.H. Shaukat Mahmood. & S. H. Nadeen Shaukat Mahmood
Entry Personal Name
001 - CONTROL NUMBER
- control field: 5865
003 - CONTROL NUMBER IDENTIFIER
- control field: OSt
005 - DATE AND TIME OF LATEST TRANSACTION
- control field: 20240730130407.0
008 - FIXED-LENGTH DATA ELEMENTS
- fixed length control field: 240730|| aca||aabn | a|a d
040 ## - CATALOGING SOURCE
- Original cataloging agency: OSt
- Transcribing agency: OSt
100 ## - HEADING--PERSONAL NAME
- Personal name: S.H. Shaukat Mahmood. & S. H. Nadeen Shaukat Mahmood
670 ## - SOURCE DATA FOUND
- Source citation: Work cat.: (OSt)2453: Mahmood, S.H. Shaukat 5863, Muslim Law/ , c1993
